Cardinal Directions in the Name - Click Quiz #2 - Statistics

General Stats
  • This quiz has been taken 17 times
  • The average score is 25 of 30
Answer Stats
Hint Answer % Correct
Scottish singer and actress
Sheena ____on
East
100%
Major branch of Christianity descended from the Byzantine Empire
____ern Orthodox Church
East
100%
Collective name for the Soviet Union and its satellite states
____ern Bloc
East
100%
Focal point of 'The Troubles'
_____ern Ireland
North
100%
Polaris
The _____ Star
North
100%
Strategic defence alliance established in 1949
_____ Atlantic Treaty Organisation
North
100%
Palestinian territory
____ Bank
West
100%
1955 period drama starring James Dean
____ of Eden
East
94%
Privateering company which spearheaded British colonialism in India
____ India Company
East
94%
1973 sci-fi movie about malfunctioning cowboy androids
____world
West
94%
Home of the Rapa Nui statutes
____er Island
East
88%
Auckland is its largest city
____ Island
North
88%
Hong Kong-based English language newspaper
_____ China Morning Post
South
88%
English port city home to HMS Victory
_____ampton
South
88%
American political drama starring Martin Sheen
The ____ Wing
West
88%
Finance company specialising in overseas money transfers
____ern Union
West
88%
Raleigh is this US state's capital
_____ Carolina
North
82%
A left-handed person
_____paw
South
82%
Pete Buttigieg was mayor of this city in Indiana
_____ Bend
South
82%
Series of peace accords which ended the Thirty Years' War
Treaty of ____phalia
West
82%
Long-running British soap opera
____Enders
East
76%
2019 hit by Ed Sheeran
_____ of the Border
South
76%
Mosquito-borne viral disease
____ Nile fever
West
76%
Small breed of dog
____ Highland Terrier
West
76%
Ho Chi Minh's state
_____ Vietnam
North
71%
Bonn was its capital
____ Germany
West
71%
Jane Austen novel
_____anger Abbey
North
47%
18th century financial crisis
_____ Sea Bubble
South
47%
British author who reported on the Nuremberg Trials
Rebecca ____
West
47%
US-based luggage manufacturer
____pak
East
24%
No matching quizzes found
Score Distribution
Percent of People with Each Score
Percentile by Number Answered
Your Score History
You have not taken this quiz